[Event "Jacobus De Cessolis"]
[Site "SchemingMind.com"]
[Date "2007.12.29"]
[Round "-"]
[White "badbishop"]
[Black "Konan_Kaddosh"]
[Result "0-1"]
[WhiteCountry "POL"]
[BlackCountry "ITA"]
[WhiteElo "2271"]
[WhiteRD "65"]
[BlackElo "2525"]
[BlackRD "62"]
[GameID "135142"]

1. e4 c5 2. Nf3 Nc6 3. d4 cxd4 4. Nxd4 e5 5. Nb5 d6 6. N1c3 a6 7. Na3 b5 8. Nd5 Nf6 9. c4 b4 10. Nc2 Nxe4
11. Bd3 Nc5 12. O-O Rb8 13. Be3 g6 14. f4 Nxd3 15. Qxd3 Bg7 16. Qd2 O-O 17. fxe5 Nxe5 18. b3 Be6 19. Ncxb4 a5 20. Nc2 a4
21. Rab1 Rb7 22. Nd4 Bxd5 23. cxd5 Re8 24. Nc6 Qd7 25. Nxe5 Bxe5 26. bxa4 Rxb1 27. Rxb1 Qxa4 28. g3 Rc8 29. Rb4 Qa8 30. Rb5 Bc3
31. Qe2 Qa4 32. Bh6 Bg7 33. Bf4 h6
0-1

[Event "Jacobus De Cessolis"]
[Site "SchemingMind.com"]
[Date "2007.12.27"]
[Round "-"]
[White "Konan_Kaddosh"]
[Black "badbishop"]
[Result "1-0"]
[WhiteCountry "ITA"]
[BlackCountry "POL"]
[WhiteElo "2525"]
[WhiteRD "62"]
[BlackElo "2271"]
[BlackRD "65"]
[GameID "135143"]

1. e4 c6 2. d4 d5 3. e5 Bf5 4. Nf3 e6 5. Be2 Nd7 6. O-O Ne7 7. Nh4 Be4 8. Nc3 Nf5 9. Nxf5 Bxf5 10. Be3 c5
11. g4 Bg6 12. f4 cxd4 13. Bxd4 h5 14. gxh5 Bf5 15. Rf2 a6 16. Bg4 Bxg4 17. Qxg4 Qc7 18. Rd1 O-O-O 19. f5 Nxe5 20. Qh3 Kb8
21. fxe6 f6 22. Kh1 Nc6 23. Rf5 Ne7 24. Rf3 Nc6 25. Qf5 Ne7 26. Qg4 Nc6 27. Rfd3 Qd6 28. R3d2 Re8 29. Re2 Nd8 30. Bf2 Qc6
31. Bg3+ Ka7 32. Nxd5 Nxe6 33. Bf2+ Kb8 34. Re4 Bc5 35. Bg3+ Ka7 36. b4 Bb6 37. Rc4 Qb5 38. Nxb6 Qxb6 39. Rd6
1-0

[Event "Jacobus De Cessolis"]
[Site "SchemingMind.com"]
[Date "2007.12.31"]
[Round "-"]
[White "joralx3"]
[Black "badbishop"]
[Result "1-0"]
[WhiteCountry "ARG"]
[BlackCountry "POL"]
[WhiteElo "2437"]
[WhiteRD "80"]
[BlackElo "2225"]
[BlackRD "64"]
[GameID "135148"]

1. e4 c5 2. Nf3 d6 3. d4 cxd4 4. Nxd4 Nf6 5. Nc3 Nc6 6. Bg5 Bd7 7. Qd2 Rc8 8. O-O-O Nxd4 9. Qxd4 Qa5 10. Be3 a6
11. f3 g6 12. Kb1 Bg7 13. Nd5 Be6 14. Qb6 Qxb6 15. Nxb6 Rc6 16. a4 Nd7 17. Nd5 Bxd5 18. exd5 Rc7 19. c3 O-O 20. Be2 Rb8
21. Kc2 b5 22. Ra1 b4 23. Bxa6 bxc3 24. b3 Kf8 25. Rhd1 Rb4 26. a5 Ke8 27. Ra2 Nc5 28. Bc4 Kd7 29. a6 Ra7 30. Ra5 Ra8
31. Rda1 Be5 32. a7 Kc7 33. Rb5 Nxb3 34. Rxb4 Nxa1+ 35. Kd3 c2 36. Ba6
1-0

[Event "Jacobus De Cessolis"]
[Site "SchemingMind.com"]
[Date "2007.12.31"]
[Round "-"]
[White "Konan_Kaddosh"]
[Black "joralx3"]
[Result "1-0"]
[WhiteCountry "ITA"]
[BlackCountry "ARG"]
[WhiteElo "2555"]
[WhiteRD "61"]
[BlackElo "2437"]
[BlackRD "80"]
[GameID "135149"]

1. e4 c5 2. Nf3 d6 3. d4 cxd4 4. Nxd4 Nf6 5. Nc3 a6 6. Be3 e6 7. Be2 Be7 8. f4 Qc7 9. O-O O-O 10. g4 Re8
11. g5 Nfd7 12. f5 Ne5 13. f6 Bf8 14. a4 Nbc6 15. Nb3 b6 16. Qe1 Kh8 17. Rd1 Nb4 18. Rd2 Rb8 19. Qg3 Bb7 20. Nd4 Rbd8
21. h4 Kg8 22. Rf2 Qb8 23. Nf3 Nxf3+ 24. Bxf3 d5 25. Qxb8 Rxb8 26. fxg7 Bc5 27. Bxc5 bxc5 28. exd5 exd5 29. Nxd5 Nxd5 30. Bxd5 Bxd5
31. Rxd5 Rxb2 32. Rd7 Re4 33. h5 Rb1+ 34. Kg2 Rg4+ 35. Kf3 Rxg5 36. h6 Rb8 37. Rfd2 Re5 38. Rd8+ Re8 39. Rxe8+ Rxe8 40. Rd6 a5
41. Ra6 f6 42. Rxa5 c4 43. Ra7
1-0

[Event "Jacobus De Cessolis"]
[Site "SchemingMind.com"]
[Date "2007.12.31"]
[Round "-"]
[White "badbishop"]
[Black "joralx3"]
[Result "0-1"]
[WhiteCountry "POL"]
[BlackCountry "ARG"]
[WhiteElo "2271"]
[WhiteRD "65"]
[BlackElo "2431"]
[BlackRD "88"]
[GameID "135150"]

1. e4 c5 2. Nf3 d6 3. d4 cxd4 4. Nxd4 Nf6 5. Nc3 a6 6. Be2 e6 7. O-O Be7 8. f4 Qc7 9. Kh1 O-O 10. a4 Nc6
11. Be3 Bd7 12. Nb3 Nb4 13. a5 e5 14. Bf3 Rfe8 15. Qd2 Rac8 16. Bb6 Qc4 17. f5 h6 18. Be2 Qc6 19. Bf3 Bd8 20. Bf2 Qc4
21. Be3 Be7 22. Kg1 Qc7 23. Bb6= Qb8 24. Be2 Bd8 25. Be3 b5 26. Rad1 Qa8 27. Bf3 Be7
0-1

[Event "Jacobus De Cessolis"]
[Site "SchemingMind.com"]
[Date "2007.12.31"]
[Round "-"]
[White "Goran"]
[Black "Konan_Kaddosh"]
[Result "1/2-1/2"]
[WhiteCountry "ITA"]
[BlackCountry "ITA"]
[WhiteElo "2394"]
[WhiteRD "71"]
[BlackElo "2467"]
[BlackRD "58"]
[GameID "135155"]

1. d4 Nf6 2. c4 e6 3. Nf3 b6 4. g3 Ba6 5. b3 Bb4+ 6. Bd2 Be7 7. Bg2 c6 8. Bc3 d5 9. Ne5 Nfd7 10. Nxd7 Nxd7=
1/2-1/2

[Event "Jacobus De Cessolis"]
[Site "SchemingMind.com"]
[Date "2007.12.31"]
[Round "-"]
[White "Goran"]
[Black "badbishop"]
[Result "1-0"]
[WhiteCountry "ITA"]
[BlackCountry "POL"]
[WhiteElo "2510"]
[WhiteRD "73"]
[BlackElo "2195"]
[BlackRD "71"]
[GameID "135156"]

1. d4 Nf6 2. c4 g6 3. Nc3 Bg7 4. e4 d6 5. Nf3 O-O 6. Be2 Nbd7 7. O-O e5 8. dxe5 dxe5 9. Be3 c6 10. Qc2 Qe7
11. Rab1 Ng4 12. Bg5 f6 13. Bd2 Nh6 14. b4 Nf7 15. Rfd1 Rd8 16. Be3 Nf8 17. Rxd8 Nxd8 18. c5 Bg4 19. h3 Bxf3 20. Bxf3 Nfe6
21. Be2 Nf7 22. Bc4 Rd8 23. Rd1 Rd7 24. Rxd7 Qxd7 25. Qa4 a6 26. Qb3 Nd4 27. Bxd4 exd4 28. Ne2 Kf8 29. Be6 Qe7 30. Bxf7 Qxf7
31. Nxd4 Bh6 32. Qxf7+ Kxf7 33. Nb3 Ke6 34. Kf1 Bf4 35. Ke2 Bc7 36. Ke3 f5 37. Na5
1-0

[Event "Jacobus De Cessolis"]
[Site "SchemingMind.com"]
[Date "2007.12.31"]
[Round "-"]
[White "Goran"]
[Black "joralx3"]
[Result "1/2-1/2"]
[WhiteCountry "ITA"]
[BlackCountry "ARG"]
[WhiteElo "2510"]
[WhiteRD "73"]
[BlackElo "2414"]
[BlackRD "80"]
[GameID "135157"]

1. d4 Nf6 2. c4 g6 3. Nc3 Bg7 4. e4 d6 5. Nf3 O-O 6. Be2 e5 7. Be3 Ng4 8. Bg5 f6 9. Bh4 Nc6 10. d5 Ne7
11. Nd2 Nh6 12. f3 c5 13. a3 Qc7 14. O-O Nf7 15. Bf2 a6 16. b4 b6 17. Qc2 Bd7 18. Rfb1 Rab8 19. Rb3 f5 20. Rab1 a5
21. Nb5 Qd8 22. Nxd6 Nxd6 23. bxc5 Ba4 24. cxd6 Nc8 25. c5 bxc5 26. Bxc5 Bxb3 27. Rxb3 Nxd6 28. Nc4 Rxb3 29. Qxb3 Nxc4 30. Bxc4 Qg5
31. d6+ Kh8 32. Be3 Qf6 33. d7 fxe4 34. fxe4 Qh4 35. Qb1 Bf6 36. g3 Qg4 37. Qd3 Qf3 38. Bc5 Qxd3 39. Bxd3 Rf7 40. Bb5 Bd8
41. Bd6 Re7 42. Bxe7=
1/2-1/2

[Event "Jacobus De Cessolis"]
[Site "SchemingMind.com"]
[Date "2007.12.31"]
[Round "-"]
[White "Konan_Kaddosh"]
[Black "Goran"]
[Result "1/2-1/2"]
[WhiteCountry "ITA"]
[BlackCountry "ITA"]
[WhiteElo "2492"]
[WhiteRD "59"]
[BlackElo "2440"]
[BlackRD "71"]
[GameID "135158"]

1. e4 e5 2. Nf3 Nf6 3. Nxe5 d6 4. Nf3 Nxe4 5. Nc3 Nxc3 6. dxc3 Be7 7. Be3 O-O 8. Qd2 Nc6 9. O-O-O Ne5 10. Kb1 b6
11. Nxe5 dxe5 12. Bd3 Bb7 13. Qe2 Bd6 14. h4 Qe7 15. Bc4=
1/2-1/2

[Event "Jacobus De Cessolis"]
[Site "SchemingMind.com"]
[Date "2007.12.31"]
[Round "-"]
[White "badbishop"]
[Black "Goran"]
[Result "0-1"]
[WhiteCountry "POL"]
[BlackCountry "ITA"]
[WhiteElo "2286"]
[WhiteRD "68"]
[BlackElo "2503"]
[BlackRD "69"]
[GameID "135159"]

1. e4 e5 2. Nf3 Nc6 3. d4 exd4 4. Nxd4 Bc5 5. Be3 Qf6 6. Nb5 Bxe3 7. fxe3 Qh4+ 8. g3 Qxe4 9. Nxc7+ Kd8 10. Nxa8 Nf6
11. Qd6 Qxh1 12. Nd2 Ne8 13. Qf4 Qxh2 14. O-O-O Qh6 15. Qxf7 Qxe3 16. Kb1 Qxg3 17. Ne4 Qg4 18. Nc3 d6 19. Bb5 Bd7 20. Qf2 Qf5
21. Qg1 Qc5 22. Qxc5 dxc5
0-1

[Event "Jacobus De Cessolis"]
[Site "SchemingMind.com"]
[Date "2008.01.01"]
[Round "-"]
[White "heuschrecke"]
[Black "Goran"]
[Result "0-1"]
[WhiteCountry "GER"]
[BlackCountry "ITA"]
[WhiteElo "2490"]
[WhiteRD "99"]
[BlackElo "2591"]
[BlackRD "84"]
[GameID "135627"]

1. e4 e5 2. Nf3 Nf6 3. Nxe5 d6 4. Nxf7 Kxf7 5. Nc3 c5 6. Bc4+ Be6 7. Bxe6+ Kxe6 8. d4 Kf7 9. O-O Qd7 10. dxc5 dxc5
11. Qe2 Nc6 12. e5 Ng4 13. h3 Ngxe5 14. f4 Ng6 15. Qc4+ Ke8 16. Be3 Nd4 17. Rae1 Be7 18. Bf2 Rf8 19. Nd5 Rd8 20. Nxe7 Nxe7
21. c3 Nc6 22. Bxc5 Qd5 23. Qb4 Rd7 24. Qa3 b6 25. Bxe7 Nxe7 26. Re5 Qd6 27. Qa4 Kd8 28. Rfe1 Qc6 29. Qa3 Rf7 30. R5e4 Qc5+
31. Qxc5 bxc5 32. R1e2 g6 33. Kh2 Rd3 34. Re5 c4 35. R5e4 Nd5 36. Rxc4 Rxf4 37. Rc6 Rf7 38. Rd6+ Rd7 39. Ra6 Kc8 40. Ra5 Ne3
41. Rc5+ Kb7 42. Re5 Nf5 43. R5e4 a5 44. Ra4 Rd2 45. Rae4 Rxe2 46. Rxe2 Kc6 47. g4 Re7 48. Rd2 Nd6 49. Kg2 Re3 50. a4 Re4
51. b3 Re3 52. b4 Rxc3 53. bxa5 Rc5 54. a6 Ra5 55. Rc2+ Kd7 56. Ra2 Rxa6 57. Kg3 Ra5 58. Kf3 Ke6 59. Ra1 g5 60. Re1+ Kf6
61. Ra1 Nc4 62. Rc1 Rxa4 63. Kg3 Ra3+ 64. Kh2 Ne5 65. Rf1+ Ke6 66. Rf2 Nf3+ 67. Kg2 Nh4+ 68. Kh2 Ke5
0-1

[Event "Jacobus De Cessolis"]
[Site "SchemingMind.com"]
[Date "2007.12.31"]
[Round "-"]
[White "heuschrecke"]
[Black "Konan_Kaddosh"]
[Result "1/2-1/2"]
[WhiteCountry "GER"]
[BlackCountry "ITA"]
[WhiteElo "2393"]
[WhiteRD "91"]
[BlackElo "2496"]
[BlackRD "63"]
[GameID "135628"]

1. d4 Nf6 2. c4 e6 3. Nc3 Bb4 4. f3 d5 5. a3 Bxc3+ 6. bxc3 O-O 7. e3 c5 8. cxd5 exd5 9. Bd3 b6 10. Ne2 Ba6
11. Ng3 Re8 12. Bxa6 Nxa6 13. O-O Nc7 14. Ra2 Ne6 15. e4 cxd4 16. e5 dxc3 17. exf6 d4 18. fxg7 d3 19. Raf2 Nc5 20. Nf5 Re6
21. g4 Qd5 22. Bg5 Qc4 23. Ne3 Qb3 24. Qa1 h6 25. Rb1 Qxb1+ 26. Qxb1 hxg5 27. Nd5 c2 28. Rxc2 dxc2 29. Qxc2 Rae8 30. Qf5 Re1+
31. Kg2 R8e5 32. Nf6+=
1/2-1/2

[Event "Jacobus De Cessolis"]
[Site "SchemingMind.com"]
[Date "2008.01.03"]
[Round "-"]
[White "heuschrecke"]
[Black "badbishop"]
[Result "1-0"]
[WhiteCountry "GER"]
[BlackCountry "POL"]
[WhiteElo "2510"]
[WhiteRD "95"]
[BlackElo "2209"]
[BlackRD "84"]
[GameID "135629"]

1. a3 Nf6 2. b4 d5 3. e3 Bf5 4. Bb2 e6 5. Nf3 Nbd7 6. c4 c6 7. Nc3 Bd6 8. cxd5 exd5 9. Be2 O-O 10. Nd4 Bg6
11. f4 c5 12. bxc5 Nxc5 13. O-O Qb6 14. Ncb5 Bd3 15. Bxd3 Nxd3 16. Bc3 Rfc8 17. Nf5 Bf8 18. Nbd6 Rxc3 19. dxc3 Qa6 20. Rb1 Nc5
21. Nb5 Qa5 22. Qc2 Nfe4 23. Ng3 Nxg3 24. hxg3 Re8 25. Rfe1 Ne4 26. Nd4 b6 27. Qb2 Bxa3 28. Qb5 Qxb5 29. Nxb5 Bc5 30. Rbd1 a5
31. Rxd5 g6 32. Re5 Rxe5 33. fxe5 Kf8 34. g4 Ke7 35. Kf1 Ke6 36. Ke2 Kxe5 37. Rd1 h6 38. Rd8 Kf6 39. Re8 Be7 40. Rb8 Bc5
41. Rb7 Ke6 42. c4 Kf6 43. Ra7 Ke6 44. Nd4+ Kf6 45. Nb3 Bd6 46. Ra6 a4 47. Nd2 Nc5 48. Rxb6 Ke6 49. Kf3 Nd7 50. Ra6 a3
51. Ne4 Ne5+ 52. Ke2 Nxc4 53. Kd3 Kd5 54. Nxd6 Nxd6 55. Ra5+ Ke6 56. Rxa3 Ne8 57. Ra5 Nf6 58. g5 hxg5 59. Rxg5 Nd5 60. Kd4 Nf6
61. e4 Nh5 62. Ra5 Nf4 63. Ra2 Ke7 64. e5
1-0

[Event "Jacobus De Cessolis"]
[Site "SchemingMind.com"]
[Date "2008.01.02"]
[Round "-"]
[White "heuschrecke"]
[Black "joralx3"]
[Result "1-0"]
[WhiteCountry "GER"]
[BlackCountry "ARG"]
[WhiteElo "2456"]
[WhiteRD "86"]
[BlackElo "2431"]
[BlackRD "88"]
[GameID "135630"]

1. e4 c5 2. Nf3 d6 3. d4 cxd4 4. Nxd4 Nf6 5. Nc3 a6 6. Bg5 e6 7. f4 Be7 8. Qf3 Qc7 9. O-O-O Nbd7 10. g4 b5
11. Bxf6 Nxf6 12. g5 Nd7 13. h4 b4 14. Nce2 Bb7 15. h5 Nc5 16. Ng3 h6 17. g6 f5 18. Bc4 fxe4 19. Qg4 O-O-O 20. Nxe6 Nxe6
21. Qxe6+ Kb8 22. Bd5 Rhe8 23. Qxe4 Bh4 24. Qg2 Bxg3 25. Qxg3 Bxd5 26. Rxd5 Qc4 27. Qd3 Qxf4+ 28. Kb1 Qe4 29. Qd1 Re6 30. Rf1 Qe2
31. Rf7 Qc4 32. a4 bxa3 33. Rxg7 Qb4 34. Qd4 Re1+ 35. Ka2 Qxb2+ 36. Qxb2+ axb2 37. Kxb2 Rg1 38. Rf7 Rg2 39. g7 Rc8 40. Rd3 Rcxc2+
41. Kb3 Rb2+ 42. Kc4 Rbc2+ 43. Kd5 Rc1 44. Kxd6 Rcg1 45. Re3 Rd1+ 46. Ke6 Rdg1 47. Kf6 Rf1+ 48. Ke7 Rc1 49. Kf8 Rc8+ 50. Re8 Rxe8+
51. Kxe8 a5 52. Kf8 a4 53. g8=Q Rxg8+ 54. Kxg8 a3 55. Rf3 a2 56. Ra3
1-0

[Event "Jacobus De Cessolis"]
[Site "SchemingMind.com"]
[Date "2008.01.01"]
[Round "-"]
[White "Goran"]
[Black "heuschrecke"]
[Result "1-0"]
[WhiteCountry "ITA"]
[BlackCountry "GER"]
[WhiteElo "2566"]
[WhiteRD "81"]
[BlackElo "2488"]
[BlackRD "101"]
[GameID "135631"]

1. d4 Nf6 2. c4 g6 3. Nc3 Bg7 4. e4 d6 5. Nf3 O-O 6. Be2 e5 7. Be3 h6 8. O-O Ng4 9. Bc1 Nc6 10. d5 Ne7
11. h3 Nf6 12. Be3 Nd7 13. Qc1 Kh7 14. Qc2 f5 15. Rfe1 f4 16. Bd2 Nf6 17. c5 c6 18. Rad1 Ne8 19. dxc6 Nxc6 20. Nb5 Rf6
21. b3 Qe7 22. cxd6 Nxd6 23. Nc3 Rf7 24. Nd5 Qf8 25. Bc1 Ne8 26. Bb5 Be6 27. Bxc6 Rc8 28. Qd2 bxc6 29. Nb4 c5 30. Nd3 Rd7
31. Qc3 c4 32. bxc4 Rxc4 33. Qa5 Rc2 34. Nfxe5 Rdc7 35. Rd2 g5 36. Ba3 Qf6 37. Rxc2 Rxc2 38. Qxa7 Rxa2 39. Rc1 Nd6 40. Qb8 Rxa3
41. Qxd6 Ra7 42. Qb6 Ra8 43. Rc6 Re8 44. Kh2 Re7 45. Rd6 Re8 46. Ng4 Qf7 47. Nxh6 Kxh6 48. Nc5 Be5 49. Rxe6+ Rxe6 50. Qxe6+ Qxe6
51. Nxe6 f3+ 52. g3 Kg6 53. Nc5 Bd4 54. Nd3 Kh5 55. e5 Bc3 56. h4 gxh4 57. gxh4 Kg4 58. h5
1-0

[Event "Jacobus De Cessolis"]
[Site "SchemingMind.com"]
[Date "2007.12.31"]
[Round "-"]
[White "Konan_Kaddosh"]
[Black "heuschrecke"]
[Result "1/2-1/2"]
[WhiteCountry "ITA"]
[BlackCountry "GER"]
[WhiteElo "2492"]
[WhiteRD "59"]
[BlackElo "2409"]
[BlackRD "100"]
[GameID "135632"]

1. e4 c5 2. Nf3 d6 3. d4 cxd4 4. Nxd4 Nf6 5. Nc3 a6 6. Be2 e6 7. O-O Be7 8. f4 O-O 9. Be3 Nc6 10. a4 Qc7
11. Kh1 Bd7 12. Nb3 b6 13. Bf3 Rab8 14. Qe2 Nb4 15. g4 d5 16. e5 Ne4 17. Nxe4 dxe4 18. Bxe4 Bc6 19. Bf2 Qb7 20. Bxc6 Qxc6+
21. Kg1 Qxc2 22. Qxc2 Nxc2 23. Rad1 Rfc8 24. Rd7 Kf8 25. Ra7 b5 26. Rd1 Nb4 27. a5 Ra8 28. Rxa8 Rxa8 29. Kg2 Ke8 30. Kf3=
1/2-1/2

[Event "Jacobus De Cessolis"]
[Site "SchemingMind.com"]
[Date "2008.01.04"]
[Round "-"]
[White "badbishop"]
[Black "heuschrecke"]
[Result "0-1"]
[WhiteCountry "POL"]
[BlackCountry "GER"]
[WhiteElo "2286"]
[WhiteRD "68"]
[BlackElo "2457"]
[BlackRD "86"]
[GameID "135633"]

1. e4 e5 2. Nf3 Nc6 3. d4 exd4 4. Nxd4 Nf6 5. Nxc6 bxc6 6. e5 Qe7 7. Qe2 Nd5 8. c4 Nb6 9. Nc3 Ba6 10. b3 Qe6
11. Bb2 Be7 12. f4 Bb7 13. Qe3 d5 14. Be2 O-O-O 15. Rd1 dxc4 16. O-O Rxd1 17. Rxd1 cxb3 18. Qg3 Kb8 19. Qxg7 Rf8 20. axb3 Qxb3
21. Rb1 Qc2 22. Qg3 Rd8 23. Qe1 Bc5+ 24. Kh1 Bb4 25. Ba1 c5 26. Rc1 Qd2 27. Qf1 Rg8 28. Bf3 Rxg2 29. Rd1 Rf2
0-1

[Event "Jacobus De Cessolis"]
[Site "SchemingMind.com"]
[Date "2008.01.02"]
[Round "-"]
[White "joralx3"]
[Black "heuschrecke"]
[Result "1/2-1/2"]
[WhiteCountry "ARG"]
[BlackCountry "GER"]
[WhiteElo "2377"]
[WhiteRD "99"]
[BlackElo "2393"]
[BlackRD "91"]
[GameID "135634"]

1. e4 c5 2. Nf3 d6 3. d4 cxd4 4. Nxd4 Nf6 5. Nc3 g6 6. Be3 Bg7 7. f3 a6 8. Qd2 Nbd7 9. O-O-O b5 10. g4 Bb7
11. h4 Ne5 12. h5 Rc8 13. Be2 Nfd7 14. a4 Nb6 15. hxg6 hxg6 16. Rxh8+ Bxh8 17. Rh1 Kd7 18. axb5 Nbc4 19. Nc6 Bxc6 20. bxc6+ Rxc6
21. Qd4 Bf6 22. Nd5 Nd3+ 23. Qxd3 Bxb2+ 24. Kd1 Qa5 25. Bf1 e6 26. Qxc4 Qa1+ 27. Ke2 Rxc4 28. Nb6+ Kc6 29. Nxc4 a5 30. f4 Qb1
31. Kd3 Qd1+ 32. Nd2 a4 33. g5 Qa1 34. Nc4 Bc3 35. Bg2 Be1 36. Nd2 Qa3+ 37. Ke2=
1/2-1/2

[Event "Jacobus De Cessolis"]
[Site "SchemingMind.com"]
[Date "2007.12.31"]
[Round "-"]
[White "demiurg"]
[Black "Goran"]
[Result "1/2-1/2"]
[WhiteCountry "HUN"]
[BlackCountry "ITA"]
[WhiteElo "2323"]
[WhiteRD "68"]
[BlackElo "2394"]
[BlackRD "71"]
[GameID "135751"]

1. e4 e5 2. Nf3 Nf6 3. d4 Nxe4 4. Bd3 d5 5. dxe5 Be7 6. O-O Bg4 7. Bxe4 dxe4 8. Qxd8+ Bxd8 9. Nd4 O-O 10. Nc3 f6
11. Bf4 Nd7 12. e6 c5 13. Nc6 Bxe6=
1/2-1/2

[Event "Jacobus De Cessolis"]
[Site "SchemingMind.com"]
[Date "2007.12.31"]
[Round "-"]
[White "demiurg"]
[Black "heuschrecke"]
[Result "0-1"]
[WhiteCountry "HUN"]
[BlackCountry "GER"]
[WhiteElo "2281"]
[WhiteRD "74"]
[BlackElo "2457"]
[BlackRD "86"]
[GameID "135752"]

1. e4 c5 2. Nf3 d6 3. d4 cxd4 4. Nxd4 Nf6 5. Nc3 a6 6. Be3 e6 7. g4 h6 8. Bg2 e5 9. Nf5 g6 10. Qe2 gxf5
11. exf5 Rg8 12. h3 Qc7 13. O-O-O Bd7 14. f4 Bc6 15. fxe5 dxe5 16. Bb6 Qxb6 17. Qxe5+ Be7 18. Rhe1 Qb4 19. Bxc6+ Nxc6 20. Qxf6 Qf4+
21. Kb1 Kf8 22. Rxe7 Nxe7 23. Qxe7+ Kxe7 24. Nd5+ Kd6 25. Nxf4+ Ke5 26. Nd3+ Kf6 27. Nc5 Rgd8 28. Rf1 Rd5 29. Ne4+ Kg7 30. b3 Re8
31. Nc3 Rd4 32. Kc1 Re3 33. Kb2 Rxh3 34. Rg1 Rh4 35. g5 h5
0-1

[Event "Jacobus De Cessolis"]
[Site "SchemingMind.com"]
[Date "2007.12.31"]
[Round "-"]
[White "demiurg"]
[Black "Konan_Kaddosh"]
[Result "1/2-1/2"]
[WhiteCountry "HUN"]
[BlackCountry "ITA"]
[WhiteElo "2298"]
[WhiteRD "70"]
[BlackElo "2559"]
[BlackRD "66"]
[GameID "135753"]

1. e4 c5 2. Nf3 Nc6 3. d4 cxd4 4. Nxd4 e5 5. Nb5 d6 6. N1c3 a6 7. Na3 b5 8. Nd5 Nf6 9. Bg5 Be7 10. Bxf6 Bxf6
11. c3 O-O 12. Nc2 Bg5 13. a4 bxa4 14. Rxa4 a5 15. Bc4 Rb8 16. Ra2 Ne7 17. Nce3 Kh8 18. O-O Nxd5 19. Nxd5 f5 20. exf5 Bxf5
21. Qe2 Bd7 22. Bd3 g6 23. c4 Be6 24. Be4 Rb3 25. Qc2 Qb8 26. g3 Bd8 27. Rc1 a4 28. c5 dxc5 29. Qxc5 Bg5 30. Rd1 Rc8
31. Qa5 Rd8 32. Qa6 Rb6 33. Qxa4 Rb5 34. h4 Bh6 35. Qc4 Qb7 36. Qc3 Rdxd5 37. Bxd5 Rxd5 38. Rxd5 Bxd5 39. Qxe5+ Kg8 40. Ra5 Bh1
41. Qe8+ Bf8 42. Qe6+ Kg7 43. Qe5+=
1/2-1/2

[Event "Jacobus De Cessolis"]
[Site "SchemingMind.com"]
[Date "2008.01.03"]
[Round "-"]
[White "demiurg"]
[Black "badbishop"]
[Result "1-0"]
[WhiteCountry "HUN"]
[BlackCountry "POL"]
[WhiteElo "2298"]
[WhiteRD "70"]
[BlackElo "2195"]
[BlackRD "71"]
[GameID "135754"]

1. e4 c6 2. d4 d5 3. Nc3 dxe4 4. Nxe4 Bf5 5. Ng3 Bg6 6. h4 h6 7. Nf3 Nd7 8. h5 Bh7 9. Bd3 Bxd3 10. Qxd3 Ngf6
11. Bf4 e6 12. O-O-O Be7= 13. Kb1 O-O 14. Ne4 Qa5 15. g4 Nxg4 16. Ne5 Ndxe5 17. dxe5 Rad8 18. Qg3 f5 19. Nd6 Bg5 20. Rhe1 Qb6
21. Re2 Rd7 22. f3 Nf2 23. Rf1 Nh3 24. Bd2 Bxd2 25. Rxd2 Ng5 26. f4 Rxd6 27. Rxd6 Ne4 28. Qg6 Nxd6 29. exd6 Qd8 30. Qxe6+ Kh7
31. d7
1-0

[Event "Jacobus De Cessolis"]
[Site "SchemingMind.com"]
[Date "2007.12.31"]
[Round "-"]
[White "Goran"]
[Black "demiurg"]
[Result "1-0"]
[WhiteCountry "ITA"]
[BlackCountry "HUN"]
[WhiteElo "2528"]
[WhiteRD "74"]
[BlackElo "2325"]
[BlackRD "69"]
[GameID "135756"]

1. d4 d5 2. c4 c6 3. Nc3 e6 4. Nf3 dxc4 5. e3 b5 6. a4 Bb4 7. Bd2 a5 8. axb5 Bxc3 9. Bxc3 cxb5 10. b3 Bb7
11. bxc4 b4 12. Bb2 Nf6 13. Bd3 Nbd7 14. Nd2 Qc7 15. O-O O-O 16. Bc2 Rfc8 17. c5 Rd8 18. Re1 h6 19. h3 Ra7 20. Ba4 Ne4
21. Nb3 Bd5 22. Qd3 Ndf6 23. Qc2 Ng5 24. Rec1 Rb8 25. Qe2 Nge4 26. f3 Ng3 27. Qf2 Rba8 28. Nd2 Nfh5 29. c6 f5 30. Qe1 g5
31. Rc5 Nf6 32. Nc4 Bxc4 33. Rxc4 Nd5 34. Rc5 g4 35. fxg4 Rf8 36. gxf5 Rxf5 37. Bb5 Ne4 38. Bd3 Nxc5 39. Bxf5 exf5 40. dxc5 Qxc6
41. Qg3+ Kh7 42. Rxa5 Re7 43. Qd6
1-0

[Event "Jacobus De Cessolis"]
[Site "SchemingMind.com"]
[Date "2007.12.31"]
[Round "-"]
[White "heuschrecke"]
[Black "demiurg"]
[Result "1-0"]
[WhiteCountry "GER"]
[BlackCountry "HUN"]
[WhiteElo "2457"]
[WhiteRD "86"]
[BlackElo "2281"]
[BlackRD "74"]
[GameID "135757"]

1. e4 c5 2. Nf3 Nc6 3. d4 cxd4 4. Nxd4 Nf6 5. Nc3 e5 6. Ndb5 d6 7. Bg5 a6 8. Na3 b5 9. Nd5 Be7 10. Bxf6 Bxf6
11. c4 b4 12. Nc2 a5 13. g3 Bg5 14. h4 Bh6 15. Bh3 Bxh3 16. Rxh3 O-O 17. Kf1 Rb8 18. b3 Qd7 19. g4 f6 20. Rd3 Nd8
21. Nde3 Nb7 22. Rd5 g6 23. Rb5 Rbc8 24. Qf3 Rc5 25. Rb6 Rc6 26. Rxc6 Qxc6 27. Nd5 Kg7 28. a3 bxa3 29. Nxa3 a4 30. b4 Nd8
31. Qd3 Ne6 32. Nb5 Ra8 33. Ne7 Qb7 34. Qd5 Qxd5 35. Nxd5 Ra6 36. Nbc3 Bd2 37. Rxa4
1-0

[Event "Jacobus De Cessolis"]
[Site "SchemingMind.com"]
[Date "2007.12.31"]
[Round "-"]
[White "Konan_Kaddosh"]
[Black "demiurg"]
[Result "0-1"]
[WhiteCountry "ITA"]
[BlackCountry "HUN"]
[WhiteElo "2480"]
[WhiteRD "58"]
[BlackElo "2329"]
[BlackRD "67"]
[GameID "135758"]

1. e4 c5 2. Nf3 Nc6 3. d4 cxd4 4. Nxd4 Nf6 5. Nc3 e5 6. Ndb5 d6 7. Bg5 a6 8. Na3 b5 9. Bxf6 gxf6 10. Nd5 f5
11. Bd3 Be6 12. O-O Bxd5 13. exd5 Ne7 14. c3 Bg7 15. Qh5 e4 16. Bc2 O-O 17. Rae1 Qc8 18. Bb3 a5 19. Qg5 Qb7 20. f3 h6
21. Qg3 a4 22. Bc2 b4 23. cxb4 Qxb4 24. fxe4 f4 25. Rxf4 Ng6 26. Rff1 Bxb2 27. Re2 Qxa3
0-1

[Event "Jacobus De Cessolis"]
[Site "SchemingMind.com"]
[Date "2008.01.05"]
[Round "-"]
[White "badbishop"]
[Black "demiurg"]
[Result "1/2-1/2"]
[WhiteCountry "POL"]
[BlackCountry "HUN"]
[WhiteElo "2246"]
[WhiteRD "73"]
[BlackElo "2325"]
[BlackRD "69"]
[GameID "135759"]

1. e4 c5 2. Nf3 Nc6 3. Bb5 g6 4. Bxc6 dxc6 5. d3 Bg7 6. h3 Nf6 7. Nc3 Nd7 8. Be3 Qb6 9. Qc1 O-O 10. O-O e5
11. a3 Qc7 12. Nh2 Qd6 13. Qd2 Rd8 14. Rad1 Nf6 15. f4 Nd7 16. f5 Rf8 17. Ng4 Nf6 18. Nxf6+ Bxf6 19. Rf3 b6 20. Bh6 Re8
21. Qf2 Be7 22. Rf1 Kh8 23. f6 Bf8 24. Bg7+ Kg8 25. Qh4 Bxg7 26. fxg7 Be6 27. Ne2 Kxg7 28. Ng3 Qd8 29. Rf6 h6 30. R1f3 b5=
31. Kh1 Rf8 32. Nh5+ Kh7 33. Ng3 Kg7 34. Nh5+=
1/2-1/2

[Event "Jacobus De Cessolis"]
[Site "SchemingMind.com"]
[Date "2008.01.05"]
[Round "-"]
[White "joralx3"]
[Black "demiurg"]
[Result "1-0"]
[WhiteCountry "ARG"]
[BlackCountry "HUN"]
[WhiteElo "2437"]
[WhiteRD "80"]
[BlackElo "2246"]
[BlackRD "72"]
[GameID "135760"]

1. e4 c5 2. Nf3 Nc6 3. d4 cxd4 4. Nxd4 Nf6 5. Nc3 e5 6. Ndb5 d6 7. Bg5 a6 8. Na3 b5 9. Bxf6 gxf6 10. Nd5 f5
11. Bd3 Be6 12. O-O Bxd5 13. exd5 Ne7 14. c4 Bg7 15. Qb3 e4 16. Be2 bxc4 17. Nxc4 O-O 18. Rad1 Ng6 19. Qa3 Qc7 20. Qxd6 Qxd6
21. Nxd6 Ne7 22. Nc4 Rab8 23. d6 Nc6 24. Rd2 Rfd8 25. Rfd1 Rb4 26. g3 Ne5 27. b3 Nxc4 28. bxc4 Bc3 29. Rc2 Be5 30. c5
1-0